书目信息 |
| 题名: |
网络分析
|
|
| 作者: | 范.法肯伯尔格 , Van Valkeburg 著 ;杨行峻 译 | |
| 分册: | ||
| 出版信息: | 北京 科学出版社 1982 |
|
| 页数: | 426页 | |
| 开本: | 25cm | |
| 丛书名: | ||
| 单 册: | ||
| 中图分类: | TN711.1 | |
| 科图分类: | ||
| 主题词: | 网络分析 | |
| 电子资源: | ||
| ISBN: | ||
| 000 | 00803nam0 2200277 45 | |
| 001 | 0182006808 | |
| 005 | 20061123164623.68 | |
| 010 | @dCNY4.20 | |
| 091 | @aCN@b15031.392 | |
| 100 | @a19950628d1982 em y0chiy0121 ea | |
| 101 | 1 | @achi@ceng |
| 102 | @aCN@b110000 | |
| 105 | @ay z 000yy | |
| 200 | 10 | @a网络分析@Awang luo fen xi@f(美)范.法肯伯尔格(M.E. Van Valkenburg)著@g杨行峻译 |
| 210 | @a北京@c科学出版社@d1982 | |
| 215 | @a426页@d25cm | |
| 300 | @a书名原文:Network analysis | |
| 510 | 1 | @aNetwork analysis@zeng |
| 606 | @a网络分析 | |
| 690 | @aTN711.1@v3 | |
| 701 | 1 | @a范.法肯伯尔格@Afan . fa ken bo er ge@bM.E.@4著 |
| 701 | A1 | @aVan Valkeburg@bM.E.@4著 |
| 702 | 0 | @a杨行峻@Ayang xing jun@4译 |
| 801 | 2 | @aCN@bNLC@c20061123 |
| 801 | 0 | @aCN@bTSSF |
| 905 | @a10447@dTN711.1@e101 | |
| 网络分析/(美)范.法肯伯尔格(M.E. Van Valkenburg)著/杨行峻译.-北京:科学出版社,1982 |
| 426页;25cm |
| 书名原文:Network analysis |
| ISBN :CNY4.20 |
| ● |
| 相关链接 |
|
|
|
|
正题名:网络分析
索取号:TN711.1/101
 
预约/预借
| 序号 | 登录号 | 条形码 | 馆藏地/架位号 | 状态 | 备注 |
| 1 | 0162251 | 001357515 | 第二样本阅览室/ [索取号:TN711.1/101] | 在馆 |